[Event "Mem Triantafylos Siaperas 11th"]
[Site "Athens"]
[Date "2015.01.10"]
[Round "1"]
[White "Krallis, Christos"]
[Black "Polikretis, Mattheos"]
[Result "1-0"]
[WhiteElo "1595"]
[BlackElo "1189"]
[PlyCount "42"]
[EventDate "2015.01.10"]
[EventType "swiss"]
[EventRounds "7"]
[EventCountry "GRE"]
[SourceTitle "EXT 2024"]
[Source "ChessBase"]
[SourceDate "2023.10.10"]
[SourceVersion "1"]
[SourceVersionDate "2023.10.10"]
[SourceQuality "1"]

1. e4 e5 2. Nf3 Nc6 3. Nc3 Nf6 4. Bb5 Bb4 5. 0-0 Qe7 6. Nd5 Nxd5 7. exd5 a6 8. Bxc6 bxc6 9. dxc6 d6 10. c3 Bc5 11. d4 Bb6 12. dxe5 0-0 13. exd6 cxd6 14. Bf4 Rd8 15. Re1 Be6 16. Ng5 Qa7 17. Be3 Bf5 18. Bxb6 Qxb6 19. Qb3 Qc5 20. Nxf7 Rf8 21. Nh6+ Kh8 1-0